| 000 | 00483nam a2200181 a 4500 | ||
|---|---|---|---|
| 005 | 20140310183619.0 | ||
| 008 | 120906s19uu xx 00 eng d | ||
| 020 | _a9781422157992 | ||
| 050 |
_aHD 69.On58 _b.H373 2010 |
||
| 245 | _aOn managing yourself. / | ||
| 260 |
_aBoston : _bHarvard Business School Pub. Corp, _c2010. |
||
| 300 |
_a198 p. : _c22 cm. |
||
| 440 | _aHBR's 10 must reads | ||
| 521 | _aBSBA | ||
| 650 | _aManaging. | ||
| 942 |
_cBK _2lcc _kFOR |
||
| 999 |
_c25365 _d25365 |
||